[Event "Africa-ch (Women)"]
[Site "Giza"]
[Date "2023.05.11"]
[Round "7"]
[White "Mona, Khaled"]
[Black "Wafa, Shahenda"]
[Result "0-1"]
[WhiteElo "2105"]
[BlackElo "2101"]
[PlyCount "132"]
[EventDate "2023.05.06"]
[EventType "swiss"]
[EventRounds "9"]
[EventCountry "EGY"]
[SourceTitle "CBM 214 Extra"]
[Source "ChessBase"]
[SourceDate "2023.07.31"]
[SourceVersion "1"]
[SourceVersionDate "2023.07.31"]
[SourceQuality "1"]

1. c4 Nf6 2. Nc3 g6 3. d4 Bg7 4. Bf4 d6 5. e3 0-0 6. Be2 c5 7. d5 Qa5 8. Qd2 a6 9. Nf3 b5 10. cxb5 axb5 11. Bxb5 Ne4 12. Nxe4 Qxb5 13. Nc3 Qc4 14. Ng1 g5 15. Bxg5 Qg4 16. Nf3 f6 17. Bf4 Qxg2 18. 0-0-0 Qxf3 19. Rhg1 Qh5 20. Rg3 Bf5 21. e4 Bg6 22. Qe3 f5 23. Rg5 Qh4 24. exf5 Rxf5 25. Rxf5 Bxf5 26. Rg1 Qf6 27. h4 Kf8 28. Bg5 Qe5 29. Bxe7+ Qxe7 30. Qxe7+ Kxe7 31. Rxg7+ Kf8 32. Rg5 Bd3 33. Kd2 c4 34. a3 Nd7 35. Nb5 Ne5 36. Rg3 Ke7 37. Rg7+ Kf6 38. Rb7 Nf3+ 39. Ke3 Nxh4 40. Nxd6 Ke5 41. Nb5 Rf8 42. d6 Nf5+ 43. Kd2 Nxd6 44. Nxd6 Rxf2+ 45. Ke3 Re2+ 46. Kf3 Kxd6 47. Rb4 Re5 48. Rb8 Kc7 49. Rb4 Kc6 50. a4 Kc5 51. Rb8 Kd4 52. Rd8+ Rd5 53. Ra8 Rf5+ 54. Kg3 Ke3 55. a5 Be4 56. Rc8 Kd4 57. a6 Ra5 58. Rd8+ Kc5 59. Kf4 Bg6 60. Rc8+ Kb5 61. Ke5 Rxa6 62. Kd5 Bd3 63. Kd4 Rb6 64. b3 cxb3 65. Kxd3 Rd6+ 66. Kc3 Rc6+ 0-1

[Event "Africa-ch (Women)"]
[Site "Giza"]
[Date "2023.05.07"]
[Round "2"]
[White "Mona, Khaled"]
[Black "Adel, Sara"]
[Result "1-0"]
[WhiteElo "2105"]
[BlackElo "1739"]
[PlyCount "51"]
[EventDate "2023.05.06"]
[EventType "swiss"]
[EventRounds "9"]
[EventCountry "EGY"]
[SourceTitle "CBM 214 Extra"]
[Source "ChessBase"]
[SourceDate "2023.07.31"]
[SourceVersion "1"]
[SourceVersionDate "2023.07.31"]
[SourceQuality "1"]

1. d4 Nf6 2. Nf3 g6 3. Bf4 Bg7 4. e3 0-0 5. Be2 d6 6. h3 Nbd7 7. 0-0 b6 8. c4 Bb7 9. Nc3 Ne4 10. Nxe4 Bxe4 11. Rc1 e5 12. Bh2 exd4 13. exd4 Qf6 14. Qa4 Rfd8 15. Rfd1 Bh6 16. Rc3 c6 17. Bg3 Bf4 18. Bxf4 Qxf4 19. Nd2 Re8 20. Nxe4 b5 21. cxb5 Nb6 22. Qb3 Rxe4 23. Rf3 Qg5 24. Qxf7+ Kh8 25. Bd3 Rxd4 26. Re1 1-0

[Event "Olympiad Women-44"]
[Site "Chennai"]
[Date "2022.08.06"]
[Round "8.1"]
[White "Milovic, Aleksandra"]
[Black "Mona, Khaled"]
[Result "1-0"]
[WhiteElo "2129"]
[BlackElo "2127"]
[PlyCount "73"]
[EventDate "2022.07.29"]
[EventType "team-swiss"]
[EventRounds "11"]
[EventCountry "IND"]
[SourceTitle "CBM 210"]
[Source "ChessBase"]
[SourceDate "2022.10.31"]
[SourceVersion "1"]
[SourceVersionDate "2022.10.31"]
[SourceQuality "1"]
[WhiteTeam "Montenegro (W)"]
[BlackTeam "Egypt (W)"]
[WhiteTeamCountry "MNE"]
[BlackTeamCountry "EGY"]

1. Nc3 d5 2. d4 Nf6 3. Bf4 e6 4. e3 a6 5. Bd3 c5 6. Nf3 c4 7. Be2 b5 8. 0-0 Nc6 9. b3 Ba3 10. bxc4 dxc4 11. Ne5 Bb7 12. Bf3 Qb6 13. Na4 Qa5 14. Nc5 Nxe5 15. Bxb7 Rd8 16. Qe2 Qb6 17. dxe5 Bxc5 18. exf6 Qxb7 19. fxg7 Rg8 20. Be5 Qe4 21. Bf6 Be7 22. Bc3 f6 23. Ba5 Rd5 24. Rad1 Rg5 25. g3 R8xg7 26. Rd4 Qc6 27. Rfd1 h5 28. Qd2 Rg4 29. Bb4 Rxd4 30. Qxd4 Bxb4 31. Qd8+ Kf7 32. Rd7+ Kg6 33. Qe8+ Kf5 34. Qxh5+ Rg5 35. Qh3+ Rg4 36. Rd4 Ke5 37. Qxg4 1-0

[Event "Olympiad Women-44"]
[Site "Chennai"]
[Date "2022.07.31"]
[Round "3.2"]
[White "Al Maamari, Wafia Darwish"]
[Black "Mona, Khaled"]
[Result "0-1"]
[WhiteElo "1841"]
[BlackElo "2127"]
[PlyCount "92"]
[EventDate "2022.07.29"]
[EventType "team-swiss"]
[EventRounds "11"]
[EventCountry "IND"]
[SourceTitle "CBM 210"]
[Source "ChessBase"]
[SourceDate "2022.10.31"]
[SourceVersion "1"]
[SourceVersionDate "2022.10.31"]
[SourceQuality "1"]
[WhiteTeam "United Arab Emirates (W)"]
[BlackTeam "Egypt (W)"]
[WhiteTeamCountry "UAE"]
[BlackTeamCountry "EGY"]

1. e4 e5 2. Nf3 Nc6 3. Bb5 Nge7 4. Nc3 d6 5. d4 Bd7 6. d5 Nb8 7. Bg5 h6 8. Bxd7+ Nxd7 9. Bxe7 Bxe7 10. 0-0 0-0 11. Ne2 g6 12. c4 a5 13. Rc1 Nc5 14. Qc2 f5 15. exf5 gxf5 16. Ng3 Qd7 17. b3 Rf7 18. a3 a4 19. b4 Nb3 20. Rcd1 Kh8 21. c5 Rg8 22. c6 bxc6 23. Qxc6 Qxc6 24. dxc6 Rb8 25. Rd5 Kg7 26. Rfd1 Kf6 27. Ne2 Rb6 28. b5 Rf8 29. Nc3 Ra8 30. Rxd6+ Bxd6 31. Rxd6+ cxd6 32. Nd5+ Ke6 33. Nxb6 Ra7 34. h4 Na5 35. Nc8 Rc7 36. Nb6 Nxc6 37. bxc6 Rxc6 38. Nxa4 Rc1+ 39. Kh2 d5 40. Nb6 Rb1 41. Nxd5 Kxd5 42. h5 Rf1 43. Nh4 Rxf2 44. Kg1 Rf4 45. g3 Rxh4 46. gxh4 Kc4 0-1

[Event "Olympiad Women-44"]
[Site "Chennai"]
[Date "2022.07.29"]
[Round "1.1"]
[White "Mona, Khaled"]
[Black "Markidou, Christianna"]
[Result "1-0"]
[WhiteElo "2127"]
[BlackElo "1701"]
[PlyCount "79"]
[EventDate "2022.07.29"]
[EventType "team-swiss"]
[EventRounds "11"]
[EventCountry "IND"]
[SourceTitle "CBM 210"]
[Source "ChessBase"]
[SourceDate "2022.10.31"]
[SourceVersion "1"]
[SourceVersionDate "2022.10.31"]
[SourceQuality "1"]
[WhiteTeam "Egypt (W)"]
[BlackTeam "Cyprus (W)"]
[WhiteTeamCountry "EGY"]
[BlackTeamCountry "CYP"]

1. d4 d5 2. Nf3 e6 3. e3 Nf6 4. Bd3 c6 5. Nbd2 Nbd7 6. 0-0 Bd6 7. Qe2 0-0 8. e4 dxe4 9. Nxe4 Nxe4 10. Qxe4 Nf6 11. Qh4 h6 12. Ne5 Nd7 13. Qg3 Qf6 14. Nxd7 Qxd4 15. c3 Bxg3 16. cxd4 Bxf2+ 17. Rxf2 Bxd7 18. b3 Rad8 19. Ba3 Rfe8 20. Raf1 f5 21. Re1 Bc8 22. Bb2 c5 23. Bb5 Bd7 24. Bxd7 Rxd7 25. dxc5 g6 26. Be5 Kf7 27. b4 a6 28. a4 g5 29. b5 axb5 30. axb5 Rc8 31. Rc2 Rd5 32. c6 b6 33. Ra2 Rxb5 34. Ra7+ Kg6 35. Rg7+ Kh5 36. c7 Rc5 37. Rd7 Kg6 38. Rd8 R8xc7 39. Bxc7 Rxc7 40. Rxe6+ 1-0

[Event "Online Olym Div Top-C"]
[Site "Chess.com INT"]
[Date "2020.08.22"]
[Round "5.3"]
[White "Hunt, Harriet"]
[Black "Mona, Khaled"]
[Result "0-1"]
[WhiteElo "2414"]
[BlackElo "2127"]
[PlyCount "98"]
[EventDate "2020.08.21"]
[EventType "team-tourn (rapid)"]
[EventRounds "9"]
[EventCountry "USA"]
[SourceTitle "CBM 198"]
[Source "ChessBase"]
[SourceDate "2020.10.31"]
[SourceVersion "1"]
[SourceVersionDate "2020.10.31"]
[SourceQuality "1"]
[WhiteTeam "England"]
[BlackTeam "Egypt"]
[WhiteTeamCountry "ENG"]
[BlackTeamCountry "EGY"]

1. e4 e5 2. Nf3 Nc6 3. Bb5 Nge7 4. c3 d6 5. d4 Bd7 6. 0-0 Ng6 7. Re1 Be7 8. a4 0-0 9. h3 Nh4 10. Nbd2 Ng6 11. Nf1 a6 12. Bc4 Qc8 13. Ng3 Nd8 14. a5 Ne6 15. Nf5 Bf6 16. Nh2 Nef4 17. Bd3 d5 18. Bxf4 Nxf4 19. Ng4 Bd8 20. Nxe5 dxe4 21. Nxd7 Nxd3 22. Qg4 g6 23. Rxe4 h5 24. Nh6+ Kg7 25. Nf5+ Kh8 26. Qe2 Qxd7 27. Ng3 Qb5 28. Rd1 Nxb2 29. Rb1 Qxe2 30. Nxe2 Nc4 31. Rxb7 Nxa5 32. Rb1 Nc4 33. Rd1 a5 34. g4 hxg4 35. hxg4 a4 36. Nc1 a3 37. Na2 Kg7 38. d5 Nd6 39. Rb4 Bf6 40. c4 Rh8 41. c5 Ne8 42. Rb7 Rh4 43. f3 Be5 44. Rd2 Nf6 45. d6 cxd6 46. cxd6 Rah8 47. d7 Rh1+ 48. Kf2 Bf4 49. Ke2 R1h2+ 0-1

[Event "Sharjah Cup (Women) 9th"]
[Site "Sharjah"]
[Date "2018.12.16"]
[Round "4"]
[White "Choksi, Khushi"]
[Black "Mona, Khaled"]
[Result "0-1"]
[WhiteElo "1589"]
[BlackElo "2158"]
[PlyCount "106"]
[EventDate "2018.12.14"]
[EventType "swiss"]
[EventRounds "9"]
[EventCountry "UAE"]
[SourceTitle "CBM 187 Extra"]
[Source "ChessBase"]
[SourceDate "2018.11.04"]
[SourceVersion "1"]
[SourceVersionDate "2018.11.04"]
[SourceQuality "1"]

1. d4 d5 2. Nf3 e6 3. e3 f5 4. c4 Nf6 5. Nbd2 c6 6. Bd3 Bd6 7. Ne5 0-0 8. 0-0 Bxe5 9. dxe5 Ng4 10. Nf3 Nd7 11. cxd5 exd5 12. b3 Ndxe5 13. Nxe5 Nxe5 14. Bc2 Ng4 15. Bb2 Qd6 16. g3 Qh6 17. h4 Nf6 18. Qf3 Ne4 19. Qf4 Qxf4 20. exf4 b6 21. Kg2 Ba6 22. Rfe1 Rae8 23. Rad1 Bb7 24. Be5 g6 25. f3 Nf6 26. Kf2 Kf7 27. b4 Ra8 28. Bb3 Rfd8 29. Bc7 Rd7 30. Be5 a5 31. Bd4 axb4 32. Bxb6 Ba6 33. Bc5 Rb7 34. Rb1 Bd3 35. Rb2 Ra5 36. Rc1 Bc4 37. Bd4 c5 38. Bxc4 dxc4 39. Bxf6 Kxf6 40. Rxc4 Ke6 41. Rbc2 Kd5 42. Ke2 Rbb5 43. g4 Ra3 44. gxf5 gxf5 45. h5 Ra6 46. Kd3 Rba5 47. Kd2 Rh6 48. Kd3 Rxh5 49. Ke3 Rh1 50. Rc1 Ra3+ 51. Kf2 Rxa2+ 52. Kg3 Rxc1 53. Rxc1 b3 0-1

[Event "Sharjah Cup (Women) 9th"]
[Site "Sharjah"]
[Date "2018.12.15"]
[Round "3"]
[White "Mona, Khaled"]
[Black "Daulyte Cornette, Deimante"]
[Result "0-1"]
[WhiteElo "2158"]
[BlackElo "2455"]
[PlyCount "50"]
[EventDate "2018.12.14"]
[EventType "swiss"]
[EventRounds "9"]
[EventCountry "UAE"]
[SourceTitle "CBM 187 Extra"]
[Source "ChessBase"]
[SourceDate "2018.11.04"]
[SourceVersion "1"]
[SourceVersionDate "2018.11.04"]
[SourceQuality "1"]

1. d4 Nf6 2. c4 g6 3. Nc3 Bg7 4. Nf3 0-0 5. Bf4 d6 6. e3 c5 7. dxc5 dxc5 8. Qxd8 Rxd8 9. Be2 Nc6 10. h3 Bf5 11. 0-0 Ne4 12. Nxe4 Bxe4 13. Ng5 Bc2 14. a3 Rd2 15. Rfe1 Bxb2 16. Ra2 Bb3 17. Ne4 Bxa2 18. Nxd2 Rd8 19. Ne4 b6 20. Bf3 Na5 21. Re2 Nxc4 22. a4 Bb3 23. a5 Bd1 24. Bc7 Rd7 25. axb6 axb6 0-1

[Event "Olympiad Women-43"]
[Site "Batumi"]
[Date "2018.09.28"]
[Round "5.12"]
[White "Tokhirjonova, Gulruhbegim"]
[Black "Mona, Khaled"]
[Result "1-0"]
[WhiteElo "2369"]
[BlackElo "2157"]
[PlyCount "61"]
[EventDate "2018.09.24"]
[EventType "team-swiss"]
[EventRounds "11"]
[EventCountry "GEO"]
[SourceTitle "EXT 2020"]
[Source "ChessBase"]
[SourceDate "2019.10.17"]
[SourceVersion "1"]
[SourceVersionDate "2019.10.17"]
[SourceQuality "1"]
[WhiteTeam "Uzbekistan (W)"]
[BlackTeam "Egypt (W)"]
[WhiteTeamCountry "UZB"]
[BlackTeamCountry "EGY"]

1. e4 e5 2. Nf3 Nc6 3. Bb5 a6 4. Ba4 Nf6 5. 0-0 Be7 6. Re1 b5 7. Bb3 0-0 8. d4 exd4 9. e5 Ne8 10. Bd5 Rb8 11. Nxd4 Nxd4 12. Qxd4 c6 13. Bf3 d5 14. exd6 Bxd6 15. Bf4 Bb7 16. b4 Qc7 17. Bxd6 Nxd6 18. Nd2 Rbd8 19. Nb3 Nc4 20. Qc3 Bc8 21. a4 Be6 22. Nc5 Qc8 23. axb5 axb5 24. Nxe6 fxe6 25. Bg4 Rde8 26. Ra7 Rf6 27. Qd4 Qd8 28. Rd7 Qb6 29. Rxe6 Ra8 30. Rxg7+ Kh8 31. Qxf6 1-0

[Event "Olympiad Women-43"]
[Site "Batumi"]
[Date "2018.09.26"]
[Round "3.23"]
[White "Gomez Barrera, Javiera Belen"]
[Black "Mona, Khaled"]
[Result "0-1"]
[WhiteElo "2035"]
[BlackElo "2157"]
[PlyCount "146"]
[EventDate "2018.09.24"]
[EventType "team-swiss"]
[EventRounds "11"]
[EventCountry "GEO"]
[SourceTitle "EXT 2020"]
[Source "ChessBase"]
[SourceDate "2019.10.17"]
[SourceVersion "1"]
[SourceVersionDate "2019.10.17"]
[SourceQuality "1"]
[WhiteTeam "Chile (W)"]
[BlackTeam "Egypt (W)"]
[WhiteTeamCountry "CHI"]
[BlackTeamCountry "EGY"]

1. e4 e5 2. Nf3 Nc6 3. Bb5 a6 4. Ba4 Nf6 5. Qe2 b5 6. Bb3 Bc5 7. c3 0-0 8. 0-0 d5 9. d3 d4 10. Bg5 h6 11. Bxf6 Qxf6 12. Bd5 dxc3 13. bxc3 Bd7 14. Nbd2 Rad8 15. Bxc6 Bxc6 16. Rfd1 Rfe8 17. Nb3 Bb6 18. c4 bxc4 19. dxc4 Qf4 20. c5 Bb5 21. Qc2 Ba7 22. Na5 Rxd1+ 23. Rxd1 Re6 24. a4 Rg6 25. Rd8+ Kh7 26. Ne1 Qg5 27. Rd5 Be8 28. g3 Qe7 29. Nd3 Re6 30. Qc4 c6 31. Rd6 Rxd6 32. cxd6 Qxd6 33. Qxa6 Qd4 34. Qc4 c5 35. Qxd4 exd4 36. Nb2 Kg6 37. Nac4 Kf6 38. Kg2 Bc6 39. f3 Ke6 40. Kf2 f5 41. Nd2 g5 42. h3 h5 43. g4 fxg4 44. fxg4 h4 45. Kf3 Bb7 46. Nbc4 Ba6 47. Ke2 Bb8 48. Kd3 Bd6 49. Nf3 Bf4 50. Ne1 Bb7 51. Na5 Bc8 52. Nf3 Kf6 53. Nc4 Bd7 54. Nb6 Bc6 55. Nd5+ Ke6 56. Kc4 Bxa4 57. Nxf4+ gxf4 58. Kxc5 d3 59. Kc4 Bd1 60. Nxh4 Be2 61. Kc3 Ke5 62. g5 Kxe4 63. g6 Bh5 64. g7 Bf7 65. Kd2 Bg8 66. Ke1 f3 67. Nxf3 Kxf3 68. Kd2 Ke4 69. h4 Bh7 70. h5 Bg8 71. h6 Bh7 72. Ke1 Kd4 73. Kd2 Kc4 0-1

[Event "Olympiad Women-43"]
[Site "Batumi"]
[Date "2018.09.25"]
[Round "2.36"]
[White "Efroimski, Marsel"]
[Black "Mona, Khaled"]
[Result "0-1"]
[WhiteElo "2313"]
[BlackElo "2157"]
[PlyCount "76"]
[EventDate "2018.09.24"]
[EventType "team-swiss"]
[EventRounds "11"]
[EventCountry "GEO"]
[SourceTitle "EXT 2020"]
[Source "ChessBase"]
[SourceDate "2019.10.17"]
[SourceVersion "1"]
[SourceVersionDate "2019.10.17"]
[SourceQuality "1"]
[WhiteTeam "Israel (W)"]
[BlackTeam "Egypt (W)"]
[WhiteTeamCountry "ISR"]
[BlackTeamCountry "EGY"]

1. e4 e5 2. Nf3 Nc6 3. Bb5 a6 4. Bxc6 dxc6 5. 0-0 f6 6. d4 exd4 7. Nxd4 c5 8. Ne2 Qxd1 9. Rxd1 Bd7 10. Nbc3 0-0-0 11. Be3 Bd6 12. a4 a5 13. Nd5 Bc6 14. Nef4 Re8 15. f3 f5 16. Bd2 fxe4 17. Bxa5 exf3 18. gxf3 Nf6 19. c4 Nxd5 20. Nxd5 Re2 21. Rd2 Bxh2+ 22. Kf1 Rxd2 23. Bxd2 Bxd5 24. cxd5 Rd8 25. Bc3 Rxd5 26. Re1 g6 27. Re7 h5 28. a5 b5 29. a6 Kb8 30. Rf7 b4 31. Be1 g5 32. Bf2 Ka7 33. Rf6 Bd6 34. Rg6 h4 35. Be3 h3 36. Bxg5 h2 37. Kg2 Rd1 38. Rxd6 h1Q+ 0-1

[Event "Alexandria op 22nd"]
[Site "Alexandria"]
[Date "2017.08.10"]
[Round "10"]
[White "Sarwat, Walaa"]
[Black "Mona, Khaled"]
[Result "1-0"]
[WhiteElo "2298"]
[BlackElo "2176"]
[PlyCount "36"]
[EventDate "2017.08.02"]
[EventType "swiss"]
[EventRounds "10"]
[EventCountry "EGY"]
[SourceTitle "CBM 180 Extra"]
[Source "ChessBase"]
[SourceDate "2017.10.06"]
[SourceVersion "1"]
[SourceVersionDate "2017.10.06"]
[SourceQuality "1"]

1. e4 c6 2. d4 d5 3. f3 e5 4. dxe5 Bc5 5. exd5 Qb6 6. Nh3 Bxh3 7. gxh3 Bf2+ 8. Ke2 cxd5 9. Nc3 Ne7 10. Na4 Qb5+ 11. c4 dxc4 12. Kxf2 Qxe5 13. Qe2 Qh5 14. Rg1 Nbc6 15. Rxg7 0-0-0 16. Rg5 Qh4+ 17. Kg2 Rhg8 18. f4 h5 1-0

[Event "Alexandria op 22nd"]
[Site "Alexandria"]
[Date "2017.08.08"]
[Round "8"]
[White "Hussain, Abdel Naser"]
[Black "Mona, Khaled"]
[Result "1/2-1/2"]
[WhiteElo "2049"]
[BlackElo "2176"]
[PlyCount "120"]
[EventDate "2017.08.02"]
[EventType "swiss"]
[EventRounds "10"]
[EventCountry "EGY"]
[SourceTitle "CBM 180 Extra"]
[Source "ChessBase"]
[SourceDate "2017.10.06"]
[SourceVersion "1"]
[SourceVersionDate "2017.10.06"]
[SourceQuality "1"]

1. d4 Nf6 2. Bg5 Ne4 3. Bf4 d5 4. f3 Nf6 5. Nc3 c5 6. e4 e6 7. Bb5+ Nc6 8. Nge2 Bd7 9. 0-0 dxe4 10. fxe4 Nxd4 11. Bd3 Nxe2+ 12. Qxe2 a6 13. Rad1 Be7 14. e5 Nd5 15. Nxd5 exd5 16. Qf3 Be6 17. Bc4 0-0 18. Bxd5 Bxd5 19. Rxd5 Qc8 20. Rfd1 Qc6 21. Qg4 c4 22. Qe2 Bc5+ 23. Kf1 Qb6 24. c3 Rac8 25. R1d2 Qg6 26. Bg3 Qb1+ 27. Be1 b5 28. Qg4 b4 29. Ke2 Qxa2 30. Bf2 Be7 31. e6 fxe6 32. Qxe6+ Kh8 33. Bc5 Qb1 34. Rd1 Qc2+ 35. R5d2 Qf5 36. Qxf5 Rxf5 37. Bxe7 Re5+ 38. Kf3 Rxe7 39. Rd8+ Re8 40. Rxe8+ Rxe8 41. cxb4 Kg8 42. Rd4 Re1 43. Rxc4 Rb1 44. Rc2 Kf7 45. Ke3 Ke7 46. Rd2 Rc1 47. Kd3 Kd6 48. Rc2 Rd1+ 49. Kc3 Kc6 50. Re2 Rg1 51. Re6+ Kb5 52. Re5+ Kc6 53. Rg5 g6 54. h4 Kb6 55. g3 Re1 56. Rd5 Re7 57. g4 Re3+ 58. Kc4 Rh3 59. h5 Rh4 60. Rd6+ Kc7 1/2-1/2

[Event "Alexandria op 22nd"]
[Site "Alexandria"]
[Date "2017.08.04"]
[Round "3"]
[White "Mona, Khaled"]
[Black "Hassan, Sayed Barakat"]
[Result "0-1"]
[WhiteElo "2176"]
[BlackElo "2329"]
[PlyCount "50"]
[EventDate "2017.08.02"]
[EventType "swiss"]
[EventRounds "10"]
[EventCountry "EGY"]
[SourceTitle "CBM 180 Extra"]
[Source "ChessBase"]
[SourceDate "2017.10.06"]
[SourceVersion "1"]
[SourceVersionDate "2017.10.06"]
[SourceQuality "1"]

1. d4 g6 2. c4 Bg7 3. Nc3 c5 4. d5 Bxc3+ 5. bxc3 f5 6. h4 d6 7. h5 Qa5 8. Qc2 gxh5 9. Rxh5 Nf6 10. Rh1 Nbd7 11. Bh6 Rg8 12. Rc1 Ne5 13. e3 Bd7 14. Nf3 0-0-0 15. Nxe5 dxe5 16. Bd3 Rxg2 17. Bxf5 Rdg8 18. Bxd7+ Nxd7 19. Ke2 Qa6 20. Qd3 R2g6 21. d6 Rxd6 22. Qxh7 Qxa2+ 23. Kf1 Qxc4+ 24. Ke1 Rdg6 25. e4 Qd3 0-1

[Event "Alexandria op 22nd"]
[Site "Alexandria"]
[Date "2017.08.02"]
[Round "1"]
[White "Elshereif, Mahmoud Salah"]
[Black "Mona, Khaled"]
[Result "0-1"]
[WhiteElo "1848"]
[BlackElo "2176"]
[PlyCount "70"]
[EventDate "2017.08.02"]
[EventType "swiss"]
[EventRounds "10"]
[EventCountry "EGY"]
[SourceTitle "CBM 180 Extra"]
[Source "ChessBase"]
[SourceDate "2017.10.06"]
[SourceVersion "1"]
[SourceVersionDate "2017.10.06"]
[SourceQuality "1"]

1. d4 Nf6 2. c4 g6 3. Nc3 Bg7 4. e4 d6 5. Nf3 0-0 6. Be2 c5 7. 0-0 Nc6 8. dxc5 dxc5 9. Be3 Qa5 10. a3 Rd8 11. Bd2 Qc7 12. Qc2 Bg4 13. Be3 Nd4 14. Bxd4 cxd4 15. Nd5 Nxd5 16. exd5 Rxd5 17. Qe4 Bxf3 18. Bxf3 Rd7 19. Qd3 Rc8 20. b3 a6 21. g3 Rd6 22. Rac1 b5 23. Rfe1 e6 24. Rc2 Rdd8 25. Ree2 Qa5 26. b4 bxc4 27. bxa5 cxd3 28. Rxc8 Rxc8 29. Rd2 Rc3 30. Bb7 e5 31. Bxa6 e4 32. Bb5 Rxa3 33. a6 Bf8 34. f3 Ra1+ 35. Kg2 e3 0-1

[Event "Africa-ch (Women)"]
[Site "Oran"]
[Date "2017.07.09"]
[Round "8"]
[White "Mona, Khaled"]
[Black "Lalaoui, Feriel"]
[Result "1-0"]
[WhiteElo "2189"]
[BlackElo "1719"]
[PlyCount "57"]
[EventDate "2017.07.02"]
[EventType "swiss"]
[EventRounds "9"]
[EventCountry "ALG"]
[SourceTitle "CBM 179 Extra"]
[Source "ChessBase"]
[SourceDate "2017.08.23"]
[SourceVersion "1"]
[SourceVersionDate "2017.08.23"]
[SourceQuality "1"]

1. d4 Nf6 2. Nf3 e6 3. Nbd2 b6 4. e4 Bb7 5. Bd3 d6 6. 0-0 Be7 7. a3 c5 8. e5 Nd5 9. Ne4 cxd4 10. exd6 Bxd6 11. Bb5+ Bc6 12. Nxd6+ Qxd6 13. Nxd4 Nc7 14. a4 Nxb5 15. Nxb5 Qxd1 16. Rxd1 Na6 17. Rd6 Bxb5 18. axb5 Nc7 19. c4 Ke7 20. Bf4 Rhd8 21. Rc6 Ne8 22. Kf1 f6 23. Ke2 e5 24. Bd2 Rd7 25. Bb4+ Kf7 26. Rxb6 axb6 27. Rxa8 Rd4 28. Ra7+ Ke6 29. Re7+ 1-0

[Event "Africa-ch (Women)"]
[Site "Oran"]
[Date "2017.07.08"]
[Round "7"]
[White "Toubal, Hayat"]
[Black "Mona, Khaled"]
[Result "1-0"]
[WhiteElo "1909"]
[BlackElo "2189"]
[PlyCount "91"]
[EventDate "2017.07.02"]
[EventType "swiss"]
[EventRounds "9"]
[EventCountry "ALG"]
[SourceTitle "CBM 179 Extra"]
[Source "ChessBase"]
[SourceDate "2017.08.23"]
[SourceVersion "1"]
[SourceVersionDate "2017.08.23"]
[SourceQuality "1"]

1. d4 Nf6 2. Nf3 g6 3. Bf4 Bg7 4. e3 d6 5. Be2 0-0 6. h3 Nbd7 7. Nbd2 Re8 8. Bh2 e5 9. dxe5 dxe5 10. e4 b6 11. Bb5 Bb7 12. Qe2 a6 13. Ba4 h6 14. c4 Qe7 15. a3 Red8 16. 0-0 Nc5 17. Bc2 Nfd7 18. Rab1 a5 19. a4 Na6 20. Rbd1 Nb4 21. Nb1 Nc5 22. Nc3 Qe8 23. Rfe1 c6 24. Kh1 Ba6 25. b3 Ne6 26. Bb1 Bb7 27. Na2 Na6 28. Nc1 Nac5 29. Qb2 Rxd1 30. Rxd1 Nd4 31. Nxe5 Nde6 32. f3 Rd8 33. Rxd8 Qxd8 34. Qe2 Nd4 35. Qd1 f6 36. Nxg6 Qd7 37. Nf4 Bc8 38. Bc2 b5 39. cxb5 cxb5 40. axb5 Nxc2 41. Qxc2 Qxb5 42. Bg1 Bf8 43. Qc3 Qf1 44. Nce2 Ba6 45. Ng3 Nxe4 46. Nxe4 1-0

[Event "Africa-ch (Women)"]
[Site "Oran"]
[Date "2017.07.03"]
[Round "2"]
[White "Mona, Khaled"]
[Black "Wafa, Shrook"]
[Result "1-0"]
[WhiteElo "2189"]
[BlackElo "2165"]
[PlyCount "81"]
[EventDate "2017.07.02"]
[EventType "swiss"]
[EventRounds "9"]
[EventCountry "ALG"]
[SourceTitle "CBM 179 Extra"]
[Source "ChessBase"]
[SourceDate "2017.08.23"]
[SourceVersion "1"]
[SourceVersionDate "2017.08.23"]
[SourceQuality "1"]

1. d4 Nf6 2. Nf3 g6 3. c4 Bg7 4. Nc3 d6 5. Bf4 0-0 6. e3 Nbd7 7. Be2 c5 8. d5 a6 9. h3 Rb8 10. 0-0 Re8 11. Bh2 b6 12. a4 Bb7 13. Qc2 Qc7 14. Rad1 Rbd8 15. Rfe1 Nf8 16. e4 e5 17. dxe6 Nxe6 18. Nd5 Nxd5 19. cxd5 Nf8 20. Nd2 Nd7 21. b4 Nf6 22. b5 a5 23. f4 Qe7 24. Bg3 Nxe4 25. Bf3 Bd4+ 26. Kh2 f5 27. Bxe4 fxe4 28. Nxe4 Qf7 29. f5 Qxf5 30. Rxd4 cxd4 31. Qc7 Qf7 32. Qxb6 Bxd5 33. Nxd6 Qf6 34. Rxe8+ Rxe8 35. Qc5 Bf7 36. Nxe8 Bxe8 37. Be5 Qe6 38. Bxd4 Bd7 39. Qc7 Qf5 40. b6 Bc8 41. Qg7# 1-0

[Event "Dubai op 19th"]
[Site "Dubai"]
[Date "2017.04.08"]
[Round "6"]
[White "Thakur, Akash"]
[Black "Mona, Khaled"]
[Result "1-0"]
[WhiteElo "2363"]
[BlackElo "2166"]
[PlyCount "54"]
[EventDate "2017.04.03"]
[EventType "swiss"]
[EventRounds "9"]
[EventCountry "UAE"]
[SourceTitle "CBM 177 Extra"]
[Source "ChessBase"]
[SourceDate "2017.04.27"]
[SourceVersion "1"]
[SourceVersionDate "2017.04.27"]
[SourceQuality "1"]

1. e4 e5 2. Nf3 Nc6 3. d4 exd4 4. Nxd4 Nf6 5. Nxc6 bxc6 6. e5 Qe7 7. Qe2 Nd5 8. c4 Ba6 9. b3 g6 10. g3 Bg7 11. Bb2 0-0 12. Bg2 Rfe8 13. 0-0 Nb6 14. Re1 d5 15. Qd2 Rad8 16. Qa5 Bxc4 17. Nd2 Bd3 18. Rac1 Qd7 19. Qc3 Ba6 20. f4 Bb7 21. Nf3 a5 22. a4 Rc8 23. Qxa5 Ra8 24. Qc3 Nxa4 25. bxa4 Rxa4 26. Qb3 Raa8 27. e6 Qd8 1-0

[Event "World-ch (Women) k.o."]
[Site "Tehran"]
[Date "2017.02.13"]
[Round "1.4"]
[White "Dzagnidze, Nana"]
[Black "Mona, Khaled"]
[Result "1-0"]
[WhiteElo "2525"]
[BlackElo "2150"]
[PlyCount "69"]
[EventDate "2017.02.11"]
[EventType "k.o."]
[EventRounds "7"]
[EventCountry "IRI"]
[SourceTitle "CBM 177"]
[Source "ChessBase"]
[SourceDate "2017.03.16"]
[SourceVersion "1"]
[SourceVersionDate "2017.03.16"]
[SourceQuality "1"]

1. Nf3 d5 2. d4 e6 3. c4 Nf6 4. Nc3 c6 5. e3 Bd6 6. b3 Nbd7 7. Bb2 Ne4 8. Bd3 f5 9. 0-0 Qf6 10. Ne2 0-0 11. Rc1 g5 12. Bxe4 fxe4 13. Nd2 g4 14. Qe1 Qg5 15. Ng3 Nf6 16. f4 Qg6 17. Nb1 Rf7 18. Ba3 Bc7 19. Nc3 h5 20. Nge2 b6 21. Qh4 Bb7 22. Ng3 Qh6 23. cxd5 cxd5 24. Nb5 Bd8 25. Nd6 Rh7 26. Nxb7 Rxb7 27. Rc6 Kf7 28. f5 Qxe3+ 29. Kh1 Qh6 30. fxe6+ Kg8 31. e7 Rxe7 32. Bxe7 Bxe7 33. Nf5 Qh7 34. Nxe7+ Qxe7 35. Rcxf6 1-0